Možnosť využitia koučingu vo vysokoškolskom vzdelávaní

Salvato in:
Dettagli Bibliografici
Autore principale: Gajdoš, Jozef, 1962-2025
Altri autori: Prievozníková, Karin
Natura: Capitolo di libro
Lingua:slovacco
inglese
Tags: Aggiungi Tag
Nessun Tag, puoi essere il primo ad aggiungerne!!

MARC

LEADER 00000nla a2200000 4500
001 0196739
005 20240502073320.8
041 0 |a slo 
041 0 |a eng 
044 |a SK 
245 1 0 |a Možnosť využitia koučingu vo vysokoškolskom vzdelávaní  |c Jozef Gajdoš, Karin Prievozníková 
100 1 |a Gajdoš, Jozef, 1962-2025 
700 1 |a Prievozníková, Karin